Państwa na Antarktydzie - Statystyki

Ogólne statystyki
  • Ten quiz został rozwiązany 131 razy
  • Średni wynik to 14 z 15
Statystyki odpowiedzi
Pytanie Odpowiedź % Poprawnych
Czy swoje terytorium na Antarktydzie posiadają Stany Zjednoczone? Fałsz
100%
Czy swoje terytorium na Antarktydzie posiada Chile? Prawda
98%
Czy swoje terytorium na Antarktydzie posiada Nowa Zelandia? Prawda
98%
Czy swoje terytorium na Antarktydzie posiadają Chiny? Fałsz
97%
Czy swoje terytorium na Antarktydzie posiada Rosja? Fałsz
95%
Czy swoje terytorium na Antarktydzie posiada Francja? Prawda
95%
Czy swoje terytorium na Antarktydzie posiada Norwegia? Prawda
93%
Czy swoje terytorium na Antarktydzie posiada Polska? Fałsz
92%
Czy swoje terytorium na Antarktydzie posiadają Filipiny? Fałsz
91%
Czy swoje terytorium na Antarktydzie posiada Meksyk? Fałsz
91%
Czy swoje terytorium na Antarktydzie posiada Australia? Prawda
91%
Czy swoje terytorium na Antarktydzie posiada Wielka Brytania? Prawda
91%
Czy swoje terytorium na Antarktydzie posiada Brazylia? Fałsz
90%
Czy swoje terytorium na Antarktydzie posiada Dania? Fałsz
90%
Czy swoje terytorium na Antarktydzie posiada Argentyna? Prawda
89%
Nie znaleziono quizów pasujących do podanych kryteriów
Rozkład punktacji
Procent ludzi z każdym wynikiem
Percentyl według liczby udzielonych odpowiedzi
Twoja historia wyników
Nie rozwiązałeś tego quizu